| 000 | 00755nam a2200241 i 4500 | ||
|---|---|---|---|
| 001 | 000025520 | ||
| 003 | DO-SdBNP | ||
| 005 | 20241115124711.0 | ||
| 007 | ta | ||
| 008 | 110217s1986 dr 000 0 spa d | ||
| 040 |
_aDO-SdBNP _bspa _cBNPHU _erda |
||
| 082 |
_axxxx _bM313c _222 |
||
| 100 |
_4aut. _aMarcallé Abreu, Roberto, _d1948- _929235 _eautor |
||
| 245 | 1 | 3 |
_aLa comunidad dominicana en el exterior : _bel desafio de la decada / _cRoberto Marcallé Abréu. |
| 264 | 1 |
_aSanto Domingo : _bEditora Taller, _c1986. |
|
| 300 |
_a74 páginas _c20 cm. |
||
| 336 |
_atexto _btxt _2rdacontent |
||
| 337 |
_asin mediación _bn _2rdamedia |
||
| 338 |
_avolumen _bnc _2rdacarrier |
||
| 590 | _aInventariado, 2024/ YL | ||
| 910 | _aYLockward | ||
| 942 |
_2ddc _cLBS1 |
||
| 999 |
_c25012 _d25012 |
||